01681cam a22003374i 4500003000900000005001700009008004100026035001900067040003300086082002100119100003700140245009900177264006600276300003800342336002100380337002500401338002300426505074100449526001001190526001001200526001001210526001001220526000801230526000801238526000801246526000801254526000801262526000801270526000801278630005701286PE-LiUPU20250731172938.0150623s1993 xxu r 000 0 eng d a(Sirsi) a20950 aPE-LiUPUbspacPE-LiUPUerda04a220.609bM262211 aMargeríe, Bertrand de,eautor.13aAn introduction to the history of exegesis :bThe greek fathers.n1 /cBertrand de Margeríe. 1aPetersham, Massachusetts :bSaint Bede's Publications,c1993. a288 páginas ;c23 centímetros atext2rdacontent aunmediated2rdamedia avolume2rdacarrier0 aSaint Justin, exegete of the presence of the word-Messiah in the law and the prophets -- Saint Irenaeus, ecclesial exegete of Christocentric recapitulation -- Clement of Alexandria Integrates the cosmic and moral symbolism of greek paganism with biblical symbolism -- Origen his greatness - Typology his weakness-Allegorizing -- Polemical, doctrinal and spiritual exegesis of Saint Athanasius -- The biblical poetry of Saint Ephraem, syrian exegete -- History, "theoria" and tradition in the antiochian school -- Saint Jhon Chrysostom, doctor of biblical "condescension" -- Saint Gregory of Nyssa Theoretician of Biblical Connections or Chains: Skopos, theoria, Aklouthia -- Saint Cyril of Alexandria develops a Christocentric exegesis. aSEG42 aSEG41 aSEG40 aSEG39 aP94 aP87 aP86 aP85 aP77 aP76 aP3504aBibliaxCrítica, interpretación, etc.xHistoria.